Szczegóły MARC21

Marketing : koncepcje, strategie, decyzje . T.1 /

005 -DATA I CZAS OSTATNIEJ MODYFIKACJI [,]
    • @
    • pole kontrolne
    • 20070315155141.9
020 -Międzynarod. znormalizowany nr książki - ISBN [ , ]
    • a
    • Numer ISBN
    • 8388283170 Find
040 -Instytucja sporządzająca opis [ , ]
    • a
    • Instytucja, która sporządziła opis (NP)
    • SZCZ U
    • c
    • Instytucja, która sporządziła rekord (NP)
    • SZCZ U
041 -Język dokumentu [0, ]
    • a
    • Język tekstu (P)
    • polski
    • h
    • Język tekstu oryginalnego i/lub pośredniego (P)
    • polski
942 -Rodzaj dokumentu [ , ]
    • c
    • Rodzaj dokumentu
    • Książka
100 -Hasło główne - nazwa osobowa [ , ]
    • a
    • Nazwa osobowa (NP)
    • MICHALSKI, EUGENIUSZ
245 -Strefa tytułu i oznaczenia odpowiedzialności [1, ]
    • a
    • Tytuł
    • Marketing : Find
    • b
    • Ciąg dalszy tytułu (NP)
    • koncepcje, strategie, decyzje . Find
    • n
    • Oznaczenie części (P)
    • T.1 /
    • c
    • Pozostałe elementy strefy tytułu i oznaczenia odpowiedzialności (NP)
    • Eugeniusz Michalski ; Politechnika Koszalińska.
260 -Strefa adresu wydawniczego [ , ]
    • a
    • Miejsce wydania (P)
    • Koszalin :
    • b
    • Nazwa wydawcy (P)
    • Wydaw.Uczeln.PK,
    • c
    • Data wydania (P)
    • 2000.
300 -Strefa opisu fizycznego [ , ]
    • a
    • Określenie formy książki i/lub objętość (NP)
    • 446 s :
    • b
    • Oznaczenie ilustracji (NP)
    • il :
    • c
    • Format (NP)
    • 24 cm.
080 -Uniwersalna Klasyfikacja Dziesiętna [ , ]
    • a
    • Symbol klasyfikacji
    • 339.138(07)
980 -Symbol UKD [ , ]
    • a
    • UKD
    • 339.138(07)
920 -ISBN [ , ]
    • a
    • ISBN
    • 83-88283-17-0 Find
Sygnatura Numer inwentarzowy Status udost. Data inwentaryzacji Lokalizacja
T.5284T.5284-22001-04-23T
 T.5285-32001-04-23T